[Event "Deltalift Open"]
[Site "Tylosand"]
[Date "2015.05.14"]
[Round "4.3"]
[White "Johansson, Linus"]
[Black "Hector, Jonny"]
[Result "1/2-1/2"]
[WhiteElo "2389"]
[BlackElo "2485"]

1.e4 e5 2.Nf3 Nc6 3.Bb5 a6 4.Ba4 Nf6 5.O-O Be7 6.d3 d6 7.c3 O-O 8.Re1 Bg4 
9.h3 Bd7 10.Nbd2 h6 11.Nf1 Nh7 12.d4 Bf6 13.d5 Ne7 14.Bxd7 Qxd7 15.Ng3 Ng6
16.Nf5 Rae8 17.a4 Ne7 18.Ng3 Ng6 19.a5 Bg5 20.Nxg5 hxg5 21.Qg4 Qxg4 22.
hxg4 Nf4 23.Be3 Nf6 24.f3 Nd7 25.Nf1 f6 26.g3 Ng6 27.Nd2 Kf7 28.Kg2 Ke7 
29.Nc4 Rh8 30.Rh1 Rxh1 31.Rxh1 Rh8 32.Rb1 Rc8 33.Bf2 Ngf8 34.Ne3 g6 35.b4 
b5 36.c4 bxc4 37.Nxc4 c6 38.dxc6 Rxc6 39.Ne3 Kd8 40.Nd5 Rc2 41.b5 axb5 42.
Rxb5 Ne6 43.a6 Ra2 44.a7 Kc8 45.Rb2 Ra6 46.Nb4 Ra4 47.Nc6 Kc7 48.Rb8 Rxa7 
49.Bxa7 Kxc6 50.Rg8 Ndf8 51.Kf2 d5 52.exd5+ Kxd5 53.Be3 Kd6 54.Bc1 Ke7 55.
Ba3+ Kf7 56.Rh8 f5 57.gxf5 gxf5 58.Bxf8 Nxf8 59.Rh6 Ne6 60.Rh7+ Kg6 61.Ra7
f4 62.g4 Nd4 63.Ra6+ Kf7 64.Ra8 Kf6 65.Ra6+ Kf7 66.Ra7+ Kf6 67.Ra3 Kf7 68.
Ra6 Kg7 69.Rd6 Kf7 70.Rh6 Kg7 71.Rh3 Kf6 72.Rh6+ 1/2-1/2

[Event "Deltalift Open"]
[Site "Tylosand"]
[Date "2015.05.14"]
[Round "4.4"]
[White "Semcesen, Daniel"]
[Black "Bellon Lopez, Juan Manuel"]
[Result "1-0"]
[WhiteElo "2475"]
[BlackElo "2364"]

1.d4 Nf6 2.c4 c5 3.d5 a6 4.a4 e5 5.Nc3 d6 6.e4 Be7 7.g3 O-O 8.h4 Ne8 9.Bh3
Nd7 10.Qe2 Rb8 11.Nf3 Nc7 12.O-O Re8 13.Be3 Nf8 14.Bxc8 Qxc8 15.Kg2 Qd7 
16.a5 b5 17.axb6 Rxb6 18.Ra2 Reb8 19.Rfa1 Qg4 20.Bc1 Ng6 21.Kh2 h6 22.Ne1 
Qd7 23.Ng2 f5 24.Qh5 Nf8 25.exf5 Nh7 26.Ne3 Rf8 27.Bd2 Qd8 28.Rg1 Rb3 29.
Qd1 Rb8 30.Bc1 Kh8 31.Ra3 Nf6 32.Qe2 Qd7 33.Rg2 Rf7 34.Qf3 Rb4 35.Ne4 Nxe4
36.Qxe4 Qc8 37.Qc2 Qb7 38.Ra2 Bf6 39.Bd2 Rb3 40.Bc3 Ne8 41.Rg1 Rb6 42.Qe4 
Bd8 43.Rga1 Nf6 44.Qf3 Rf8 45.Kg2 Qc8 46.Rh1 Qd7 47.Raa1 Ng8 48.Qg4 Nf6 
49.Qf3 Ng8 50.Rag1 g6 51.g4 gxf5 52.g5 f4 53.Ng4 Qf5 54.Re1 Bc7 55.Kf1 h5 
56.Nh2 Qg6 57.Qe4 Ne7 58.Qxg6 Nxg6 59.Nf3 Kh7 60.Nd2 Ne7 61.Ne4 Kg6 62.Rh3
Nf5 63.Ra1 Ra8 64.Ke2 a5 65.Ra4 Rb3 66.Kd2 Rab8 67.Ra2 Nd4 68.Rh1 Nf3+ 69.
Kd3 Kf5 70.Nf6 Nxh4 71.Nxh5 e4+ 72.Kc2 Nf3 73.Ng7+ Kg6 74.Rh6+ Kxg5 75.Rh1
Nd4+ 76.Bxd4 cxd4 77.Ne6+ Kg4 78.Nxd4 Rh3 79.Rg1+ Kh5 80.Ne6 Rf3 81.Nxc7 
Rxf2+ 82.Kc3 e3 83.Ne6 e2 84.Raa1 a4 85.Rg5+ 1-0

[Event "Deltalift Open"]
[Site "Tylosand"]
[Date "2015.05.14"]
[Round "4.5"]
[White "Smith, Axel"]
[Black "Ziegler, Ari"]
[Result "1-0"]
[WhiteElo "2454"]
[BlackElo "2305"]

1.d4 Nf6 2.c4 c5 3.d5 b5 4.Qc2 e6 5.e4 bxc4 6.Bxc4 Ba6 7.Nf3 exd5 8.exd5 
Bd6 9.O-O O-O 10.Na3 h6 11.Rd1 Re8 12.b3 Ne4 13.Bb2 f5 14.Re1 Qc7 15.h3 
Bxc4 16.Nxc4 Na6 17.Re2 Nb4 18.Qd1 Qb7 19.Rxe4 fxe4 20.Nxd6 Qxd5 21.Nxe8 
1-0

[Event "Deltalift Open"]
[Site "Tylosand"]
[Date "2015.05.14"]
[Round "4.7"]
[White "Akesson, Ralf"]
[Black "Rydstrom, Tom"]
[Result "1-0"]
[WhiteElo "2436"]
[BlackElo "2291"]

1.Nf3 Nf6 2.c4 e6 3.Nc3 d5 4.d4 c5 5.cxd5 cxd4 6.Qa4+ Bd7 7.Qxd4 exd5 8.
Nxd5 Qa5+ 9.Nc3 Nc6 10.Qd1 Rd8 11.Bd2 Qh5 12.e3 Bd6 13.Be2 O-O 14.Qb3 Rfe8
15.Rd1 Qg6 16.Nh4 Qg5 17.g3 Ng4 18.Nf3 Qg6 19.O-O Nce5 20.Nh4 Qh5 21.h3 g5
22.Ne4 gxh4 23.hxg4 Qg6 24.Nxd6 Qxd6 25.Ba5 Qh6 26.Bxd8 hxg3 27.fxg3 Bc6 
28.Bh4 1-0

[Event "Deltalift Open"]
[Site "Tylosand"]
[Date "2015.05.14"]
[Round "4.8"]
[White "Jepson, Christian"]
[Black "Rosberg, Simon"]
[Result "0-1"]
[WhiteElo "2417"]
[BlackElo "2262"]

1.d4 d5 2.Nf3 Nf6 3.c4 c6 4.Nc3 dxc4 5.a4 Bf5 6.e3 e6 7.Bxc4 Bb4 8.O-O O-O
9.Qe2 Bg4 10.Rd1 Nbd7 11.e4 Qe7 12.h3 Bxf3 13.Qxf3 e5 14.d5 h6 15.Be3 Rfd8
16.Rac1 Nc5 17.dxc6 bxc6 18.Na2 Rxd1+ 19.Rxd1 Ncxe4 20.Nxb4 Qxb4 21.b3 Qe7
22.Re1 Rc8 23.Bxh6 gxh6 24.Rxe4 Nxe4 25.Qg4+ Qg5 26.Qxc8+ Kg7 27.g3 h5 28.
Qxc6 Qf5 29.f4 Nxg3 30.fxe5 Ne4 0-1

[Event "Deltalift Open"]
[Site "Tylosand"]
[Date "2015.05.14"]
[Round "4.9"]
[White "Hillarp Persson, Tiger"]
[Black "Andersson, Bjorn"]
[Result "1/2-1/2"]
[WhiteElo "2548"]
[BlackElo "2209"]

1.d4 g6 2.e4 Bg7 3.Nc3 c5 4.d5 d6 5.Bb5+ Bd7 6.a4 Nf6 7.Nf3 O-O 8.O-O Na6 
9.h3 Nc7 10.Re1 a6 11.Bxd7 Nxd7 12.a5 b5 13.axb6 Nxb6 14.Qd3 Qd7 15.Ra5 
Rfb8 16.b3 Qd8 17.Bd2 Nd7 18.Nd1 Nb5 19.Ne3 Nd4 20.Nc4 Nb6 21.Nxd4 cxd4 
22.Nxb6 Rxb6 23.Rea1 Qc8 24.b4 f5 25.exf5 Qxf5 26.Qxf5 gxf5 27.R1a2 Rc8 
28.Kf1 Kf7 29.Ke2 Be5 30.Kd3 Rb5 31.g3 h5 32.Rxb5 axb5 33.Ra5 Rb8 34.h4 
Rb7 35.Bc1 e6 36.Bb2 exd5 37.Bxd4 Ke6 38.c3 f4 39.gxf4 Bxf4 40.Ra8 Kf5 41.
f3 Bg3 42.Rh8 Be5 43.Rxh5+ Kf4 44.Rh6 Kxf3 45.Re6 Bf4 46.Be3 Be5 47.h5 Rh7
48.h6 Kg4 49.Re8 Rb7 50.Bd4 Kf5 51.Rg8 Rh7 52.Be3 Rc7 53.Bd2 Rc4 54.Rg5+ 
Ke6 55.Rh5 d4 56.h7 Bh8 57.Rxb5 Rc7 58.cxd4 Rxh7 59.d5+ Kf5 60.Rb6 Be5 61.
Rb8 Rh4 62.Rf8+ Kg6 63.Kc2 Rd4 64.b5 Rxd5 65.b6 Rb5 66.Be3 d5 67.Rc8 d4 
68.Rc6+ Kf5 69.Bf2 Ke4 70.Kd2 d3 71.Rc4+ Kd5 72.Rc5+ 1/2-1/2

[Event "Deltalift Open"]
[Site "Tylosand"]
[Date "2015.05.14"]
[Round "4.10"]
[White "Eriksson, Kristian"]
[Black "Fries-Nielsen, Jens Ove"]
[Result "0-1"]
[WhiteElo "2177"]
[BlackElo "2459"]

1.e4 d6 2.d4 a6 3.Nf3 Nf6 4.Nc3 e6 5.Bd3 Be7 6.O-O Nc6 7.e5 dxe5 8.dxe5 
Nd7 9.Bf4 g5 10.Be3 g4 11.Nd4 Ncxe5 12.Be2 Nf6 13.Qc1 c5 14.Nb3 Qc7 15.Rd1
b6 16.Bf4 Bb7 17.Bxe5 Qxe5 18.Re1 Bd6 19.g3 Qf5 20.a4 h5 21.Nd2 h4 22.Nc4 
Bc7 23.Qe3 hxg3 24.fxg3 Rxh2 25.Kxh2 Qh5+ 26.Kg1 Qh1+ 27.Kf2 Qg2# 0-1

[Event "Deltalift Open"]
[Site "Tylosand"]
[Date "2015.05.14"]
[Round "4.11"]
[White "Sagit, Rauan"]
[Black "Karlsson, Jorgen"]
[Result "1-0"]
[WhiteElo "2360"]
[BlackElo "2161"]

1.Nf3 g6 2.g3 Bg7 3.Bg2 d6 4.d4 Nd7 5.c4 e5 6.Nc3 Ne7 7.O-O O-O 8.dxe5 
dxe5 9.Qc2 c6 10.Rd1 Qc7 11.Ne4 f5 12.Nd6 Nc5 13.Nxc8 Raxc8 14.Ng5 Rf6 15.
b4 Ne6 16.Nxe6 Rxe6 17.e4 Rd8 18.c5 Rf6 19.Rxd8+ Qxd8 20.Bg5 Rf8 21.Qb3+ 
Kh8 22.Rd1 Qe8 23.Qe6 Nc8 24.Qxe8 Rxe8 25.exf5 gxf5 26.Rd7 h6 27.Bh4 a5 
28.bxa5 e4 29.Bh3 Rf8 30.Rd8 Rxd8 31.Bxd8 Bd4 32.Bxf5 Na7 33.Bb6 Nb5 34.
Bc8 Nc3 35.Bxb7 Nd1 36.a6 Bxf2+ 37.Kf1 e3 38.a7 Nc3 39.a8=Q+ Kg7 40.Ba6 
1-0

[Event "Deltalift Open"]
[Site "Tylosand"]
[Date "2015.05.14"]
[Round "4.12"]
[White "Lindborg, Patrik"]
[Black "Lindgren, Philip"]
[Result "0-1"]
[WhiteElo "2130"]
[BlackElo "2346"]

1.d4 d5 2.c4 c6 3.Nf3 Nf6 4.Nc3 e6 5.e3 Nbd7 6.Qc2 Bd6 7.b3 O-O 8.Be2 b6 
9.O-O Bb7 10.e4 dxe4 11.Nxe4 Nxe4 12.Qxe4 Nf6 13.Qh4 c5 14.dxc5 bxc5 15.
Bb2 Qe7 16.Ne5 Rad8 17.Rad1 Qc7 18.f4 Ne4 19.Rd3 Be7 20.Qh5 Nf6 21.Qh3 Be4
22.Rg3 Rd2 23.Bc3 Rxe2 24.Ng4 Bg6 25.f5 exf5 26.Rxf5 Nxg4 27.Qxg4 Rc2 28.
Rf1 Bd6 29.Rh3 Bxh2+ 30.Kh1 Be5 31.Be1 Rxa2 32.Rhf3 Qe7 33.Bh4 f6 34.Bf2 
Ra1 35.Rxa1 Bxa1 36.Kh2 Qe5+ 37.Kg1 Bh5 0-1

[Event "Deltalift Open"]
[Site "Tylosand"]
[Date "2015.05.14"]
[Round "4.13"]
[White "Fries-Nielsen, Niels Jorgen"]
[Black "Sigeman, Johan"]
[Result "1/2-1/2"]
[WhiteElo "2343"]
[BlackElo "2147"]

1.e3 g6 2.c4 e5 3.d4 Nc6 4.dxe5 Nxe5 5.Bd2 Nf6 6.Bc3 d6 7.Nd2 Bg7 8.Ngf3 
Nxf3+ 9.Nxf3 O-O 10.Be2 a6 11.O-O Rb8 12.a4 b6 13.b4 Bb7 14.c5 dxc5 15.
bxc5 Qe7 16.cxb6 cxb6 17.Qb3 Rfc8 18.Bd4 Nd5 19.Bxg7 Kxg7 20.Rac1 Qb4 21.
Qxb4 Nxb4 22.Nd4 Rxc1 23.Rxc1 Rc8 24.Rb1 a5 25.h4 Kf6 26.f3 Rc3 27.Kf2 Ra3
28.Bb5 Ra2+ 29.Kg3 Ra3 30.Re1 Nd5 31.e4 Nc3 32.e5+ Ke7 33.Rc1 Ne4+ 34.Kf4 
Nc5 35.Ne2 Rb3 36.Kg3 Re3 37.Kf4 Rb3 38.Kg3 Re3 39.Kf4 Rb3 40.Kg3 1/2-1/2

[Event "Deltalift Open"]
[Site "Tylosand"]
[Date "2015.05.14"]
[Round "4.14"]
[White "Haugli, Petter"]
[Black "Bernhardsson, Sten"]
[Result "1-0"]
[WhiteElo "2256"]
[BlackElo "2019"]

1.d4 d5 2.c4 e6 3.Nc3 Nf6 4.cxd5 exd5 5.Bg5 Be7 6.e3 O-O 7.Bd3 Nbd7 8.Nge2
Re8 9.O-O c6 10.Qc2 Nf8 11.Rab1 Ng4 12.Bxe7 Qxe7 13.h3 Nf6 14.b4 a6 15.a4 
Be6 16.b5 axb5 17.axb5 N6d7 18.bxc6 bxc6 19.Na4 Qg5 20.Nf4 Ng6 21.Bxg6 
hxg6 22.Nxe6 Rxe6 23.Nb6 Nxb6 24.Rxb6 Qf6 25.Rc1 Rc8 26.Rb5 Rd8 27.Rb7 g5 
28.Rc7 g4 29.hxg4 Qh4 30.Rxc6 Qxg4 31.Rxe6 Qxe6 32.Qc7 Re8 33.Qf4 g6 34.
Rc5 Ra8 35.Rb5 Qc6 36.Rb8+ Rxb8 37.Qxb8+ Kh7 38.Qe5 Qb7 39.Kh2 Qc6 40.f3 
Qd7 41.Kg3 f5 42.Kh2 Qd8 43.Kg1 Qa5 44.Qe7+ Kh6 45.Kh2 Qe1 46.Kh3 Qh1+ 47.
Kg3 Qg1 48.Qh4+ Kg7 49.Qg5 Qh1 50.Qe7+ Kg8 51.Qd8+ Kg7 52.Qd7+ Kh6 53.Qe7 
Qe1+ 54.Kh2 Qf2 55.Kh3 Qg1 56.Qf8+ Kh7 57.Qe7+ Kh6 58.Qh4+ Kg7 59.Qg5 Qh1+
60.Kg3 Qg1 61.Qe7+ Kh6 62.Qf8+ Kh7 63.Qf7+ Kh6 64.Qxd5 Qxe3 65.Qe5 Qg5+ 
66.Kh2 Qh4+ 67.Kg1 Kh7 68.Qh2 1-0

[Event "Deltalift Open"]
[Site "Tylosand"]
[Date "2015.05.14"]
[Round "4.16"]
[White "Andersson, Robert"]
[Black "Dragicevic, Drazen"]
[Result "0-1"]
[WhiteElo "2067"]
[BlackElo "2304"]

1.d4 Nf6 2.Nf3 g6 3.Nc3 d5 4.Bf4 Bg7 5.e3 O-O 6.Be2 b6 7.Ne5 c5 8.h4 Bb7 
9.h5 Nfd7 10.Nxd7 Nxd7 11.Bf3 Nf6 12.hxg6 hxg6 13.Qd3 Ne4 14.Nxe4 dxe4 15.
Bxe4 c4 16.Bxg6 fxg6 17.Qxg6 Rxf4 18.exf4 Qxd4 19.O-O Qxf4 20.Rae1 Qf6 21.
Qg4 Bd5 22.b3 b5 23.Re3 e6 24.Rg3 Rf8 25.f4 Qd4+ 26.Kh2 Rf5 27.Qg6 Kf8 28.
c3 Qf6 29.Qxf6+ Bxf6 30.b4 Kf7 31.Re3 Rh5+ 32.Kg1 Bd8 33.Rh3 Rxh3 34.gxh3 
Bf6 35.Rc1 Kg6 36.Kf2 Kf5 37.Kg3 Be4 38.h4 Bd3 39.h5 Be2 40.h6 Kg6 41.Kf2 
Bd3 42.Rh1 Kh7 43.Rh5 Bxc3 44.Rxb5 Bd2 45.Rb7+ Kxh6 46.Rxa7 c3 47.Re7 0-1

[Event "Deltalift Open"]
[Site "Tylosand"]
[Date "2015.05.14"]
[Round "4.17"]
[White "Akesson, Joel"]
[Black "Blomstrom, Lars"]
[Result "1-0"]
[WhiteElo "2294"]
[BlackElo "2108"]

1.c4 Nf6 2.g3 g6 3.Bg2 Bg7 4.Nc3 O-O 5.d3 d6 6.Bg5 h6 7.Bd2 Nc6 8.e4 Nd4 
9.Nce2 c5 10.Nxd4 cxd4 11.Ne2 Nd7 12.O-O Nc5 13.Be1 a5 14.b3 f5 15.Rb1 e5 
16.f4 Bd7 17.a3 fxe4 18.dxe4 Qe7 19.b4 axb4 20.axb4 Na4 21.Qb3 Kh8 22.Bd2 
Be6 23.fxe5 dxe5 24.Rxf8+ Bxf8 25.Qd3 b6 26.Qc2 Qd7 27.Nc1 Rc8 28.Bf1 b5 
29.c5 Nb6 30.Nd3 Nc4 31.Ra1 Qb7 32.Nb2 Nxd2 33.Qxd2 Qxe4 34.Bg2 Qg4 35.Nd3
Bg7 36.Re1 Rd8 37.c6 Rc8 38.Nxe5 Bxe5 39.Rxe5 Kg7 40.Re4 Qf5 41.Qxd4+ Kg8 
42.Rf4 Qb1+ 43.Rf1 Qb3 44.c7 Qc4 45.Qd8+ Kg7 46.Qe7+ Bf7 47.Qf6+ 1-0

[Event "Deltalift Open"]
[Site "Tylosand"]
[Date "2015.05.14"]
[Round "4.18"]
[White "Mardell, Jonas"]
[Black "Lind, Jan-Olov"]
[Result "0-1"]
[WhiteElo "2095"]
[BlackElo "2245"]

1.e4 c5 2.c3 d5 3.exd5 Qxd5 4.d4 Nc6 5.Nf3 Bf5 6.Be3 cxd4 7.Nxd4 Nxd4 8.
Qxd4 Nf6 9.Na3 e5 10.Qa4+ Bd7 11.Bb5 a6 12.Bxd7+ Qxd7 13.Qa5 b5 14.Rd1 Qc6
15.O-O Be7 16.Nc2 O-O 17.Nb4 Qb7 18.Nd3 Rfe8 19.Rfe1 Nd5 20.Nc5 Bxc5 21.
Bxc5 Nf4 22.f3 Rac8 23.Bd6 Qa7+ 24.Kf1 f6 25.Qa3 Kh8 26.Re4 Rcd8 27.Qb3 
Qd7 28.Ree1 Qf5 29.Bb4 Rd3 30.Rxd3 Qxd3+ 0-1

[Event "Deltalift Open"]
[Site "Tylosand"]
[Date "2015.05.14"]
[Round "4.19"]
[White "Hansen, Lars"]
[Black "Jonsson, Krister"]
[Result "1-0"]
[WhiteElo "2239"]
[BlackElo "2097"]

1.d4 Nf6 2.Bg5 c5 3.Nc3 cxd4 4.Qxd4 Nc6 5.Qh4 e6 6.e4 Be7 7.O-O-O a6 8.f4 
h6 9.e5 Ng8 10.Bxe7 Ngxe7 11.Ne4 Nf5 12.Qf2 Qa5 13.Kb1 h5 14.Ne2 d5 15.
exd6 Bd7 16.Nc1 Nb4 17.a3 Nd5 18.Nb3 Qb6 19.Qxb6 Nxb6 20.Na5 Ne3 21.Re1 
Ned5 22.g3 Na4 23.c4 b6 24.Nb3 Nf6 25.Nxf6+ gxf6 26.Nd4 Rc8 27.b3 Nc5 28.
Bg2 Kf8 29.Re3 Kg7 30.Rc1 e5 31.fxe5 fxe5 32.Rxe5 Nd3 33.Re7 Nxc1 34.Kxc1 
Rhd8 35.Bd5 Bg4 36.Rxf7+ Kg6 37.Ra7 Rxd6 38.Kb2 a5 39.Rb7 Rf8 40.Nc6 Bf3 
41.Bxf3 Rd2+ 42.Kc3 Rxh2 43.Be4+ Kg5 44.Rg7+ Kf6 45.Rg6+ Kf7 46.Ne5+ Ke7 
47.Bd5 Rf1 48.Re6+ Kf8 49.Rxb6 Rh3 50.Rb8+ Ke7 51.Rb7+ Kf8 52.Ng6+ Ke8 53.
Bc6+ Kd8 54.Rd7+ Kc8 55.Ne7+ Kb8 56.Rb7+ Ka8 57.Rb6+ Ka7 58.Nc8# 1-0

[Event "Deltalift Open"]
[Site "Tylosand"]
[Date "2015.05.14"]
[Round "4.20"]
[White "Pantzar, Milton"]
[Black "Madebrink, Lars"]
[Result "0-1"]
[WhiteElo "2081"]
[BlackElo "2236"]

1.d4 Nf6 2.c4 e6 3.Nc3 d5 4.cxd5 exd5 5.Bg5 Be7 6.e3 h6 7.Bh4 c6 8.Bd3 O-O
9.Qc2 a5 10.Nge2 Na6 11.a3 Re8 12.f3 Nc7 13.O-O Ne6 14.Rad1 Qb6 15.Bf2 Bd7
16.h3 Rac8 17.e4 Nf8 18.e5 N6h7 19.f4 g6 20.g4 Qd8 21.f5 gxf5 22.gxf5 Bh4 
23.f6 Bxf2+ 24.Kxf2 Kh8 25.Qd2 Nxf6 26.Qxh6+ N6h7 27.Rg1 Ng6 28.Bxg6 fxg6 
29.Nf4 Bf5 30.Rxg6 Rg8 31.Rxg8+ Qxg8 32.Rg1 Qf7 33.Nce2 Rf8 34.Ke3 Rg8 35.
Rxg8+ Kxg8 36.Ng3 Bb1 37.Ngh5 Bc2 38.Qd6 Bd1 39.Qd8+ Qf8 40.Qxf8+ Kxf8 41.
Ng3 Bc2 42.h4 Ke7 43.Nh3 Ke6 44.Ng5+ Nxg5 45.hxg5 c5 46.Ne2 c4 47.Kf4 b5 
48.Nc3 b4 49.axb4 axb4 50.Nb5 c3 51.bxc3 b3 52.Na3 b2 53.Kg4 b1=Q 54.Nxb1 
Bxb1 55.Kh5 Kf7 56.Kh6 Bf5 57.e6+ Kxe6 58.Kg7 Ke7 59.Kg8 Kd6 60.Kf7 Kc6 
61.Kf6 Bd3 62.Ke5 Bb1 63.Ke6 Bc2 64.Ke5 Bg6 65.Kf6 Bh7 66.g6 Bg8 67.Kg7 
Be6 68.Kf6 Kd6 69.g7 Bg8 70.Kf5 Ke7 71.Ke5 Be6 72.Kf4 Kf6 73.c4 dxc4 74.
Ke4 Kxg7 75.d5 Bxd5+ 0-1

[Event "Deltalift Open"]
[Site "Tylosand"]
[Date "2015.05.14"]
[Round "4.21"]
[White "Lindh, Fredrik"]
[Black "Ylonen, Anders"]
[Result "1-0"]
[WhiteElo "2235"]
[BlackElo "2088"]

1.e4 c5 2.Nf3 d6 3.d4 cxd4 4.Nxd4 Nf6 5.Nc3 g6 6.Be3 Bg7 7.f3 Nc6 8.Qd2 
O-O 9.g4 Be6 10.Nxe6 fxe6 11.Bc4 Qc8 12.Bb3 Ne5 13.Qe2 a6 14.Na4 Qc6 15.
O-O-O Kh8 16.Nb6 Rad8 17.Bxe6 Ned7 18.Nxd7 Nxd7 19.h4 Nc5 20.Bd5 Qa4 21.
Qc4 Qa5 22.Bd4 Bxd4 23.Qxd4+ e5 24.Qe3 Rf4 25.a3 Qc7 26.g5 Rdf8 27.Rdf1 
Na4 28.h5 Kg7 29.hxg6 hxg6 30.Rh6 Qd8 31.Qg1 Rxf3 32.Rxf3 Rxf3 33.Qg2 Rf1+
34.Qxf1 Qxg5+ 35.Kb1 Kxh6 36.Qf8+ Kh5 37.Qxd6 Qg1+ 38.Ka2 Qd4 39.c3 Nxc3+ 
40.bxc3 Qd2+ 41.Kb3 Qd1+ 42.Kb4 Qb1+ 43.Bb3 Qxe4+ 44.c4 Qe1+ 45.Ka4 Qe3 
46.Bc2 g5 1-0

[Event "Deltalift Open"]
[Site "Tylosand"]
[Date "2015.05.14"]
[Round "4.22"]
[White "Horbing, Stefan"]
[Black "Angskog, Kent"]
[Result "0-1"]
[WhiteElo "2071"]
[BlackElo "2228"]

1.e4 c5 2.Nf3 g6 3.d4 Bg7 4.c3 cxd4 5.cxd4 d5 6.e5 Bg4 7.Nc3 Nc6 8.Be2 Nh6
9.h3 Bxf3 10.Bxf3 Nf5 11.Be3 e6 12.Qd2 Nh4 13.Rc1 O-O 14.Na4 f6 15.Nc5 Qe7
16.Bg4 Nxg2+ 17.Ke2 Nxe3 18.Bxe6+ Kh8 19.fxe3 fxe5 20.Bxd5 Qh4 21.Rcf1 
exd4 22.Ne6 Qh5+ 23.Bf3 Rxf3 24.Rxf3 Ne5 25.Rf1 d3+ 0-1

[Event "Deltalift Open"]
[Site "Tylosand"]
[Date "2015.05.14"]
[Round "4.23"]
[White "Stray, Gunnar"]
[Black "Faldt, Magnus"]
[Result "1/2-1/2"]
[WhiteElo "2067"]
[BlackElo "2198"]

1.d4 d5 2.Nf3 Nf6 3.g3 Bf5 4.Bg2 e6 5.O-O Nbd7 6.c4 c6 7.Qb3 Qb6 8.Nc3 Be7
9.c5 Qxb3 10.axb3 O-O 11.Nh4 Bc2 12.b4 e5 13.e3 Rfe8 14.Nf3 e4 15.Nd2 Bd3 
16.Re1 Bd8 17.Bf1 Bxf1 18.Kxf1 Bc7 19.b5 a6 20.b6 Bd8 21.h3 Be7 22.Nb3 h5 
23.Na5 Rab8 24.b4 Nf8 25.Kg2 Ng6 26.Bd2 Nh7 27.f3 exf3+ 28.Kxf3 Ng5+ 29.
Kg2 Bf6 30.Rf1 Re7 31.Rf2 h4 32.g4 Rbe8 33.Raf1 Rd7 34.Rf5 Re6 35.Rd1 Kf8 
36.Rff1 Ke8 37.Bc1 Kd8 38.Ne2 Ne4 39.Rd3 Kc8 40.Ng1 Ng3 41.Rfd1 Ne4 42.Nf3
Nf8 43.Bd2 Nh7 44.Be1 g5 45.Ra3 Bd8 46.Bf2 f6 1/2-1/2

[Event "Deltalift Open"]
[Site "Tylosand"]
[Date "2015.05.14"]
[Round "4.24"]
[White "Mattsson, Michael"]
[Black "Berglind, Axel"]
[Result "1-0"]
[WhiteElo "2045"]
[BlackElo "2178"]

1.e4 c5 2.Nf3 d6 3.d4 cxd4 4.Qxd4 Nc6 5.Bb5 Bd7 6.Bxc6 Bxc6 7.Nc3 Nf6 8.
Bg5 e6 9.O-O-O Be7 10.Qd3 O-O 11.Nd4 Qa5 12.f4 Rac8 13.Kb1 a6 14.f5 Rfe8 
15.h4 Bd7 16.Bxf6 Bxf6 17.g4 Qb4 18.a3 Qxd4 19.Qxd4 Bxd4 20.Rxd4 exf5 21.
exf5 Bc6 22.Rhd1 g6 23.f6 g5 24.hxg5 Re5 25.Rxd6 Rce8 26.Nd5 Bxd5 27.R1xd5
h6 28.gxh6 Kh7 29.g5 Kg6 30.Rd7 b5 31.Rxe5 Rxe5 32.h7 Kxh7 33.Rxf7+ Kg8 
34.Rg7+ Kf8 35.b4 Rf5 36.Kb2 Re5 37.Kc3 Rf5 38.Kd4 Rf3 39.c3 Rg3 40.g6 Rg5
41.Ke4 Rg4+ 42.Kf5 Rg1 43.Rh7 Rf1+ 44.Ke5 Kg8 45.f7+ Kf8 46.Rh8+ 1-0

[Event "Deltalift Open"]
[Site "Tylosand"]
[Date "2015.05.14"]
[Round "4.25"]
[White "Guglielmi, Riccardo"]
[Black "Tryggestad, Andreas Garberg"]
[Result "0-1"]
[WhiteElo "2178"]
[BlackElo "2077"]

1.e4 c5 2.b4 cxb4 3.d4 e6 4.Bd3 d5 5.e5 Nc6 6.Ne2 Bd7 7.O-O Qb6 8.Be3 f6 
9.c4 O-O-O 10.cxd5 exd5 11.Nd2 Nge7 12.Qb1 g6 13.exf6 Nf5 14.Bxf5 Bxf5 15.
Qd1 Bd6 16.Nb3 Rdf8 17.Bh6 Rf7 18.Ng3 Rg8 19.Bg7 Bxg3 20.hxg3 h5 21.Re1 
Qd8 22.Rc1 Kb8 23.Qd2 Qd6 24.Nc5 a5 25.Re3 Rxf6 26.Bxf6 Qxf6 27.Rd1 h4 28.
Rf3 Qd8 29.Qf4+ Ka7 30.gxh4 Rh8 31.g3 Qc8 32.Re3 Rf8 33.Qd6 Rd8 34.Qf6 Rf8
35.Qg5 Nxd4 36.Rxd4 Qxc5 37.Rd1 Be4 38.Qe5 Rf5 39.Qb2 Rf7 40.Qd2 Rf3 41.
Rc1 Qb6 42.Rxf3 Bxf3 43.Qf4 Be4 44.Qf8 Qd4 45.Qf4 Qb2 46.Re1 Qxa2 47.Qe3+ 
Ka6 48.Qc5 Qc2 49.Qd6+ Qc6 50.Qe5 a4 51.Qf4 b3 52.Rc1 Qb6 53.Ra1 Qb4 54.
Qf6+ b6 55.Qb2 Qc4 56.Rc1 Bc2 57.Qa3 Ka5 58.Qe7 b2 59.Qa7+ Qa6 0-1

[Event "Deltalift Open"]
[Site "Tylosand"]
[Date "2015.05.14"]
[Round "4.26"]
[White "Harren, Mats"]
[Black "Backman, Andreas"]
[Result "1/2-1/2"]
[WhiteElo "2040"]
[BlackElo "2177"]

1.e4 e6 2.d4 d5 3.Nd2 Nc6 4.Ngf3 Nf6 5.e5 Nd7 6.Bb5 a5 7.O-O Na7 8.Bd3 c5 
9.c3 Be7 10.Re1 Nc6 11.Nf1 b6 12.Qa4 Qc7 13.Bf4 Ba6 14.Bxa6 Rxa6 15.c4 Nb4
16.Qb5 Ra7 17.Rad1 cxd4 18.Nxd4 Qxc4 19.a3 Na6 20.Qxc4 dxc4 21.Nb5 Rb7 22.
Re4 Nc7 23.Nd6+ Bxd6 24.exd6 Na6 25.Rxc4 O-O 1/2-1/2

[Event "Deltalift Open"]
[Site "Tylosand"]
[Date "2015.05.14"]
[Round "4.28"]
[White "Ask, Josef"]
[Black "Bjorkeroth, Johan"]
[Result "1-0"]
[WhiteElo "2172"]
[BlackElo "2042"]

1.e4 b6 2.d4 Bb7 3.Nc3 e6 4.Bd3 Nf6 5.Nge2 d5 6.e5 Ne4 7.f3 Nxc3 8.bxc3 
Be7 9.f4 g6 10.a4 c5 11.dxc5 bxc5 12.Rb1 Qc7 13.Ng3 c4 14.Be2 Bc6 15.O-O 
Bc5+ 16.Kh1 Bxa4 17.f5 gxf5 18.Bf4 Qd7 19.Nh5 Be7 20.Ng7+ Kd8 21.Bf3 Bc6 
22.Qd4 Rg8 23.Nh5 Na6 24.Nf6 Bxf6 25.exf6 Nc7 26.Qc5 Nb5 27.Be5 f4 28.Rfd1
a6 29.Ra1 Ke8 30.Qb6 Qb7 31.Qc5 h5 32.Rab1 Rc8 33.Bxf4 d4 34.Bxc6+ Rxc6 
35.Qxd4 Rd6 36.Qf2 Rxd1+ 37.Rxd1 Nxc3 38.Re1 Nd5 39.Be5 h4 40.h3 a5 41.Re2
a4 42.Qc5 Rg5 43.Qxc4 Ne3 44.Qxa4+ Kd8 45.Qd4+ Nd5 46.c4 Qb1+ 47.Kh2 Qf1 
48.cxd5 1-0

[Event "Deltalift Open"]
[Site "Tylosand"]
[Date "2015.05.14"]
[Round "4.29"]
[White "Drugge, Patrik"]
[Black "Karlsson, Ulf"]
[Result "1/2-1/2"]
[WhiteElo "2171"]
[BlackElo "2036"]

1.e4 c5 2.Nc3 Nc6 3.g3 d6 4.Bg2 g6 5.d3 Bg7 6.f4 e5 7.Nf3 Nge7 8.O-O Rb8 
9.Be3 Nd4 10.fxe5 dxe5 11.Qd2 O-O 12.Bh6 Nxf3+ 13.Rxf3 b5 14.Raf1 Be6 15.
Bxg7 Kxg7 16.Qg5 Nc6 17.Rf6 h6 18.Qh4 Ne7 19.R6f2 Nc6 20.Rf6 Ne7 21.R6f2 
Nc6 22.Qxd8 Rfxd8 23.Nd5 Rb7 24.c3 Ne7 25.c4 b4 26.h4 Nc6 27.Kh2 Nd4 28.
Bh3 Bxh3 29.Kxh3 Rd6 30.Rf6 Rxf6 31.Rxf6 Ne6 32.Rf2 Rd7 33.Rf1 Rd6 34.Rf2 
Nd4 35.Kg2 Ne6 36.g4 Nd4 37.Kg3 g5 38.h5 Ra6 39.Ne7 Re6 40.Nf5+ Nxf5+ 41.
exf5 Rd6 42.Rf3 f6 43.Re3 1/2-1/2

[Event "Deltalift Open"]
[Site "Tylosand"]
[Date "2015.05.14"]
[Round "4.30"]
[White "Svedberg, Hans"]
[Black "Larsson, Victor"]
[Result "1-0"]
[WhiteElo "2026"]
[BlackElo "2171"]

1.e4 c5 2.b3 Nc6 3.Bb2 Nf6 4.e5 Nd5 5.Bb5 Nc7 6.Bxc6 dxc6 7.Nc3 g6 8.Qe2 
Bg7 9.Ne4 O-O 10.O-O-O Ne6 11.Qe3 Qa5 12.Kb1 Rd8 13.Ne2 Nd4 14.Nxd4 cxd4 
15.Bxd4 Bxe5 16.Bxe5 Qxe5 17.Nc3 Qxe3 18.dxe3 Be6 19.e4 g5 20.Ne2 Kg7 21.
Nd4 Bd7 22.Kc1 Kg6 23.Rd2 Bg4 24.f3 c5 25.Nb5 Rxd2 26.Kxd2 Rd8+ 27.Ke3 Be6
28.c4 f6 29.a4 a6 30.Nc3 Bf7 31.g4 h5 32.h3 Rd6 33.a5 b6 34.Ra1 bxa5 35.
Rxa5 Rb6 36.Ra3 e6 37.Na4 Rc6 38.Ra1 f5 39.Rd1 f4+ 40.Kd3 Kf6 41.Kc3 hxg4 
42.hxg4 Ke5 43.Rd7 Bg6 44.Rg7 Kf6 45.Rd7 Ke5 46.Rg7 Kf6 47.Rd7 Be8 48.Rd8 
Bg6 49.Nb2 Rc7 50.Nd3 Rc6 51.Rd7 Bf7 52.Rxf7+ Kxf7 53.Ne5+ Ke7 54.Nxc6+ 
Kd6 55.Na5 Ke5 56.Nb7 1-0

[Event "Deltalift Open"]
[Site "Tylosand"]
[Date "2015.05.14"]
[Round "4.31"]
[White "Lindahl, Emil"]
[Black "Olsen, Robin"]
[Result "1-0"]
[WhiteElo "2171"]
[BlackElo "2018"]

1.d4 Nf6 2.Bg5 Ne4 3.Bf4 c5 4.f3 Qa5+ 5.c3 Nf6 6.d5 d6 7.e4 g6 8.a4 Bg7 9.
Na3 O-O 10.Nc4 Qd8 11.Bd3 Nbd7 12.Ne2 a6 13.O-O Rb8 14.a5 Nh5 15.Be3 Ne5 
16.Nxe5 Bxe5 17.Qd2 Bg7 18.g4 Nf6 19.h3 h5 20.Bh6 b5 21.Ng3 c4 22.Bc2 hxg4
23.hxg4 Kh7 24.Bxg7 Kxg7 25.Kg2 Rh8 26.Rh1 Rxh1 27.Rxh1 Ng8 28.Qg5 Kf8 29.
Rh8 Kg7 30.Qh4 1-0

[Event "Deltalift Open"]
[Site "Tylosand"]
[Date "2015.05.14"]
[Round "4.32"]
[White "Larsson, Patrik"]
[Black "Morling, Joakim"]
[Result "0-1"]
[WhiteElo "2015"]
[BlackElo "2170"]

1.e4 e6 2.d4 d5 3.Nc3 Nf6 4.e5 Nfd7 5.f4 c5 6.Nf3 Nc6 7.Be3 cxd4 8.Nxd4 a6
9.Qd2 Bc5 10.O-O-O O-O 11.Kb1 Nxd4 12.Bxd4 b5 13.f5 Qc7 14.f6 Bxd4 15.fxg7
Re8 16.Qxd4 Qxe5 17.Qh4 Nc5 18.Re1 Qd6 19.b4 Ne4 20.Nxe4 Qxb4+ 21.Ka1 dxe4
22.Rxe4 Qc3+ 23.Kb1 Bb7 24.Bd3 Bxe4 25.Qxe4 Qxg7 26.Rf1 f5 27.Qh4 Ra7 28.
Qf2 Rd7 29.Qb6 Qd4 30.Qc6 Qd6 31.Qf3 Qb4+ 32.Ka1 Qc3+ 33.Kb1 Rd4 34.Qh5 
Rb4+ 35.Kc1 Re7 36.h3 Qe5 37.Kd2 Qg7 38.g4 Rd4 39.gxf5 exf5 40.Qxf5 Rd8 
41.Qc5 Qh6+ 42.Kc3 Rg7 43.Be4 Qd6 44.Qf5 Qd4+ 45.Kb3 a5 46.c3 a4+ 47.Kb2 
Qd2+ 48.Bc2 Qd6 49.h4 a3+ 50.Kb1 b4 51.cxb4 Qxb4+ 52.Bb3+ Kh8 53.h5 Qd6 
54.h6 Rb7 55.Qf2 Qd3+ 56.Ka1 Qc3+ 57.Kb1 Rxb3+ 58.axb3 Qxb3+ 59.Ka1 Qc3+ 
60.Ka2 Rd2+ 0-1

[Event "Harplinge Mini Open"]
[Site "Tylosand"]
[Date "2015.05.14"]
[Round "1.1"]
[White "Krohn, Johan"]
[Black "Sniegon, Adam"]
[Result "0-1"]
[WhiteElo "1192"]
[BlackElo "1585"]

1.Nf3 Nf6 2.g3 d5 3.d4 e6 4.Bg2 Be7 5.c4 c6 6.O-O O-O 7.Nc3 Nbd7 8.Re1 Bb4
9.e4 Nxe4 10.Qb3 Bxc3 11.bxc3 Nef6 12.cxd5 cxd5 13.c4 dxc4 14.Qxc4 Nb6 15.
Qc2 Bd7 16.Bg5 Rc8 17.Qd3 h6 18.Bxf6 Qxf6 19.Re5 Bc6 20.d5 Bxd5 0-1